MICROSOFT SYSTEM 2003 EDTION STEP BY STE (Record no. 33212)

MARC details
000 -LEADER
fixed length control field 00248nam a2200097Ia 4500
008 - FIXED-LENGTH DATA ELEMENTS--GENERAL INFORMATION
fixed length control field 240625s9999 xx 000 0 und d
041 ## - LANGUAGE CODE
Language code of text/sound track or separate title eng
100 ## - MAIN ENTRY--PERSONAL NAME
Personal name THE MICROSOFT OFFICE TEAM
245 ## - TITLE STATEMENT
Title MICROSOFT SYSTEM 2003 EDTION STEP BY STE
260 ## - PUBLICATION, DISTRIBUTION, ETC.
Date of publication, distribution, etc. 2004
Holdings
Withdrawn status Lost status Damaged status Not for loan Home library Current library Date acquired Total Checkouts Barcode Date last seen Price effective from Koha item type
        IMTN IMTN 05/29/2006   CD231 06/25/2024 06/25/2024 CD
Designed & Maintained by: LRC IMT Nagpur Contact: lrc@imtnag.ac.in© 2024. All Rights Reserved.